LDR 00652naa#a2200169#i#450# 001 EN\\bibl\124571 005 20260607094404.7 011 ## _a2782-4586 100 ## _a20260204b2026####ek#y0engy0150####ca 102 ## _aRU 200 1# _aOn the issue of methodological support for the territory sustainable development management _eJournal article 210 1# _aMoscow _cITBO University _d2026 215 ## _a4 с. 608 ## _aJournal article _2local 675 ## _aРегиональное, территориальное экономическое и социальное планирование, планы. 332.145 _z 700 #1 _aFilatova _gOl'ga Viktorovna 856 4# _ajomeam.ru _u